000 00589nam a22002297a 4500
003 UA-OsUOA
001 55026
007 ta
008 20080806b un ||||| |||| 00| 0 ukr d
100 _aдереш Любко
090 _a821.161.2
_bД36
942 _cBK
040 _aUA-OsUOA
_bukr
_cUA-OsUOA
_dUA-OsUOA
245 _aКульт
_bРоман
300 _a208 с.
955 _a3
041 _aukr
080 _a821.161.2
260 _aЛьвів
_bКальварія
_c2006
650 7 _a82 Література. Літературознавство
_2UDC
999 _c341103
_d341103